000 00885nam a2200289 c 4500
003 BLK
005 20231228093421.0
008 180407b bul|||||r ||||||| ||bul||
010 _aKNG00030728000
020 _a954-585-048-5
_bиздат.: Бард
040 _aBLK
041 _aBUL
_cBUL
080 _aИспанска литература
_b821.134.2
_x(87)-31
_z821.134.2(87)-31
100 1 _aФиало, Делиа
_eпърви автор
_9133813
139 _aФиало, Делиа
_bФ 45
245 1 0 _aЕсмералда
_b[Роман]
_cДелиа Фиало.
257 _aCUB
260 София
_bБард
_c1999
300 _a239 с.
_c20 см
380 _aX
852 _aЦб 203571
856 4 _qpdf
_u
856 4 _qpdf
_u
942 _cKNG
_n0
_01
944 _aCR
_c15.01.2003
_k30576
_lЦветомила Тодорова
944 _aED
_c25.01.2017
_kСилвестър_Спасов
999 _c28136
_d28136